000 00640nam a2200217Ia 4500
003 OSt
005 20240614093449.0
008 210719s1993 xx 000 0 und d
040 _cAL
041 _aTulu
082 _aT894.2 RAVB
100 _aRAV (B S)
_d ಬಿ ಎಸ್ ರಾವ್
_9170711
245 _aBadita urlu: Tulu prahasana
_bಬದಿತ ಉರ್ಲು ತುಳು ಪ್ರಹಸನ
260 _aMangaluru
_bSahodara Kala Vranda
_c1993
300 _a28
_bPB
365 _b4.5
_cRs
650 _aTulu Drama
_9170712
650 _aTulu Drama
_9170712
906 _aBadita ; prahasana ; Tulu ; urlu
942 _2ddc
_cBK
999 _c214675
_d214675